[Event "e2e4 Diamond Jubilee Premier"]
[Site "London ENG"]
[Date "2012.06.03"]
[Round "2.11"]
[White "Cobb, James"]
[Black "Garnett, John S"]
[Result "1-0"]
[WhiteTitle "IM"]
[WhiteElo "2411"]
[BlackElo "2008"]
[WhiteFideId "1800949"]
[BlackFideId "410829"]
[EventDate "2012.06.02"]

1. Nf3 Nf6 2. d4 g6 3. g3 Bg7 4. Bg2 d5 5. O-O O-O 6. c4 dxc4 7. Na3 c6 8. Nxc4
Nbd7 9. b3 Nb6 10. Bb2 Be6 11. Nce5 h6 12. Re1 Nfd7 13. Nd3 Bg4 14. h3 Bxf3 15.
Bxf3 Qc7 16. Qd2 Rad8 17. Rac1 Qb8 18. a4 Nc8 19. Qb4 Nd6 20. e4 e6 21. Red1
Rfe8 22. Rc2 Bf8 23. Qd2 Nc8 24. Qe3 Bg7 25. Rcd2 Kh7 26. Nf4 Ne7 27. Bg2 e5 28.
dxe5 Nxe5 29. Ba3 Ng8 30. Bd6 Qa8 31. a5 Bf8 32. Bxf8 Rxf8 33. Qc5 Rxd2 34. Rxd2
Re8 35. Ne2 Nf6 36. f4 Ned7 37. Qc4 Re7 38. e5 Ng8 39. a6 Nb6 40. axb7 Qxb7 41.
Qxc6 Qa6 42. Kh2 Qa3 43. Qc3 h5 44. Nd4 Qa6 45. Nf3 Qc8 46. Qb2 Nh6 47. e6 fxe6
48. Qf6 Qe8 49. Ng5+ Kg8 50. Bc6 Nd7 51. Bxd7 Rxd7 52. Rxd7 Qxd7 53. Qxg6+ Qg7
54. Qxe6+ Kh8 55. Qxh6+ 1-0

[Event "e2e4 Diamond Jubilee Premier"]
[Site "London ENG"]
[Date "2012.06.03"]
[Round "2.12"]
[White "Foo, William J"]
[Black "Berry, Neil"]
[Result "1/2-1/2"]
[BlackTitle "FM"]
[WhiteElo "1959"]
[BlackElo "2308"]
[WhiteFideId "419753"]
[BlackFideId "2400650"]
[EventDate "2012.06.02"]

1. e4 e5 2. Nf3 Nc6 3. Bb5 Nf6 4. Qe2 a6 5. Ba4 Be7 6. O-O b5 7. Bb3 d6 8. a4
Rb8 9. axb5 axb5 10. Nc3 b4 11. Nd5 O-O 12. Qc4 Bd7 13. Ra6 Nxd5 14. exd5 Nd4
15. Nxd4 exd4 16. Ba4 Bf6 17. Bxd7 Qxd7 18. Ra7 Rfc8 19. b3 Rb5 20. Bb2 Rc5 21.
Qxb4 Rxd5 22. Rfa1 h6 23. Qb7 Qe6 24. Qxc8+ Qxc8 25. Ra8 Qxa8 26. Rxa8+ Kh7 27.
Ra4 Rc5 28. Rc4 Rxc4 29. bxc4 Kg6 30. d3 Kf5 1/2-1/2

[Event "e2e4 Diamond Jubilee Premier"]
[Site "London ENG"]
[Date "2012.06.03"]
[Round "2.13"]
[White "Taylor, Robert Graham"]
[Black "Anderson, John"]
[Result "0-1"]
[WhiteElo "1957"]
[BlackElo "2195"]
[WhiteFideId "1800841"]
[BlackFideId "405353"]
[EventDate "2012.06.02"]

1. e4 c5 2. Nf3 Nc6 3. d4 cxd4 4. Nxd4 Nf6 5. Nc3 d6 6. Be2 e6 7. Be3 Be7 8. O-O
O-O 9. Nb3 a6 10. a4 Qc7 11. f4 Re8 12. g4 Bf8 13. g5 Nd7 14. Qe1 Nb4 15. Rc1 b6
16. Qh4 g6 17. Rf3 Bg7 18. f5 exf5 19. exf5 Ne5 20. Qxb4 Bb7 21. Rf4 Nc6 22. Qc4
Bxc3 23. Qxc3 Qe7 24. Rf3 Ne5 25. Rg3 Rac8 26. Qd2 Nc4 27. Bxc4 Rxc4 28. Qd3 Re4
29. f6 Qd7 30. Rd1 Ba8 31. Nd2 R4e6 32. Bf2 Qc6 33. Nf3 b5 34. axb5 axb5 35. Qc3
Qb7 36. Qd4 Re4 37. Qd3 Rf4 38. Kg2 h5 39. gxh6 Re6 40. Re1 Rexf6 41. Re8+ Kh7
42. Rxa8 Qxa8 43. Be1 R4f5 44. Bc3 Re6 45. Kg1 Qa1+ 46. Qf1 Qxf1+ 47. Kxf1 Kxh6
48. Rh3+ Rh5 49. Rxh5+ Kxh5 50. Nd4 Re5 51. Kf2 g5 52. Ne2 Rd5 53. Ng3+ Kg6 54.
Nf1 f5 55. Ne3 Rc5 56. Bb4 Rc6 57. c3 Kf6 58. Nc2 Rb6 59. Ba5 Rb8 60. Bc7 Rc8
61. Bxd6 Rd8 62. Bc5 Rd2+ 63. Kg3 Rxc2 64. Bd4+ Kg6 65. b4 Kh5 66. h3 f4+ 67.
Kf3 Rh2 68. Ke4 Rxh3 69. Kd5 Rd3 70. Ke4 Rd1 71. c4 bxc4 72. b5 f3 73. b6 g4 74.
Ke3 f2 75. b7 f1=Q 76. b8=Q Qf3# 0-1

[Event "e2e4 Diamond Jubilee Premier"]
[Site "London ENG"]
[Date "2012.06.03"]
[Round "2.14"]
[White "Longson, Alexander"]
[Black "Murphy, Conor E"]
[Result "1-0"]
[WhiteElo "2274"]
[BlackElo "1954"]
[WhiteFideId "408093"]
[BlackFideId "421669"]
[EventDate "2012.06.02"]

1. e4 c5 2. Nf3 Nc6 3. Bb5 Nf6 4. Nc3 Qc7 5. O-O Nd4 6. Bc4 d6 7. h3 a6 8. a4 e6
9. d3 Be7 10. Be3 Nc6 11. d4 cxd4 12. Nxd4 O-O 13. Ba2 Nb4 14. Bb3 Nd7 15. Na2
Nxa2 16. Bxa2 Ne5 17. Qe2 Bf6 18. f4 Nc6 19. c3 e5 20. Nxc6 bxc6 21. f5 Rd8 22.
a5 Rd7 23. Bb6 Qb8 24. Rad1 Bd8 25. Bxd8 Rxd8 26. f6 Qa7+ 27. Kh2 gxf6 28. Rxf6
Be6 29. Bxe6 fxe6 30. Rxe6 Qd7 31. Rf6 Qe7 32. Rdf1 Rf8 33. R6f5 Rxf5 34. Rxf5
Qc7 35. Qh5 Qe7 36. Qh6 Rb8 37. Rf6 Rxb2 38. Rxd6 Rb8 39. Rxc6 Qg7 40. Qxg7+
Kxg7 41. Rxa6 Rc8 42. Re6 Rxc3 43. Rxe5 Ra3 44. Rb5 Kf7 45. Kg1 Ra4 46. e5 Ke6
47. Kf2 h5 48. Ke3 h4 49. Kd3 Ra2 50. Kd4 Ra4+ 51. Kc5 Kxe5 52. Kb6+ Kd6 53. a6
Kd7 54. Kb7 Rc4 55. a7 Rc7+ 56. Ka6 Rc6+ 57. Rb6 Rc8 58. Rb8 Rc6+ 59. Kb5 1-0

[Event "e2e4 Diamond Jubilee Premier"]
[Site "London ENG"]
[Date "2012.06.03"]
[Round "2.15"]
[White "McMahon, Daire"]
[Black "Shepherd, David"]
[Result "1-0"]
[WhiteTitle "FM"]
[WhiteElo "2229"]
[BlackElo "1934"]
[WhiteFideId "2500477"]
[BlackFideId "412023"]
[EventDate "2012.06.02"]

1. d4 Nf6 2. c4 e6 3. Nf3 d5 4. Nc3 c6 5. e3 a6 6. Bd3 Bb4 7. O-O Bxc3 8. bxc3
O-O 9. Qc2 b5 10. cxd5 cxd5 11. a4 bxa4 12. Rxa4 Qc7 13. Bd2 Bb7 14. Rfa1 h6 15.
c4 Nbd7 16. c5 Qc8 17. Qa2 Nb8 18. Be1 Ne8 19. Nd2 Nc7 20. Nb3 Bc6 21. Ra5 Qd7
22. f3 Bb5 23. Bxb5 Nxb5 24. Qd2 Qb7 25. R5a4 Nc6 26. Qa2 Nc7 27. Na5 Nxa5 28.
Bxa5 Nb5 29. Qc2 Qc6 30. Bb6 Rfb8 31. Rxa6 Rxa6 32. Rxa6 g6 33. Qa4 1-0

[Event "e2e4 Diamond Jubilee Premier"]
[Site "London ENG"]
[Date "2012.06.03"]
[Round "2.16"]
[White "Tozer, Philip A A"]
[Black "Dixit, Kumar"]
[Result "1-0"]
[WhiteElo "2199"]
[BlackElo "1858"]
[WhiteFideId "419982"]
[BlackFideId "421103"]
[EventDate "2012.06.02"]

1. c4 c6 2. g3 d5 3. Nf3 Nf6 4. Bg2 e6 5. O-O dxc4 6. a4 Qc7 7. Na3 Be7 8. Nxc4
Nbd7 9. d4 Nb6 10. Nfe5 Nxc4 11. Nxc4 O-O 12. Bf4 Qd7 13. e4 Rd8 14. Be3 b6 15.
a5 Ba6 16. b3 c5 17. axb6 Bxc4 18. bxc4 e5 19. dxe5 Ng4 20. Qxd7 Rxd7 21. Bf4 g5
22. e6 fxe6 23. Bc7 Rxc7 24. bxc7 Rc8 25. Bh3 h5 26. f3 Bf6 27. Rxa7 Bd4+ 28.
Kh1 Nf2+ 29. Rxf2 g4 30. Rf1 gxh3 31. Rb1 1-0

[Event "e2e4 Diamond Jubilee Premier"]
[Site "London ENG"]
[Date "2012.06.03"]
[Round "2.17"]
[White "Walton, Alan J"]
[Black "Kuhendiran, Tharshan"]
[Result "1-0"]
[WhiteTitle "CM"]
[WhiteElo "2179"]
[BlackElo "1778"]
[WhiteFideId "409898"]
[BlackFideId "423777"]
[EventDate "2012.06.02"]

1. d4 f5 2. Bg5 Nf6 3. Nd2 e6 4. e3 Be7 5. Bd3 b6 6. Qe2 Bb7 7. f3 a5 8. Nh3 a4
9. O-O O-O 10. e4 fxe4 11. fxe4 Qe8 12. e5 Nd5 13. c4 Nb4 14. Bxe7 Qxe7 15.
Bxh7+ Kxh7 16. Qh5+ Kg8 17. Ng5 Rxf1+ 18. Rxf1 1-0

[Event "e2e4 Diamond Jubilee Premier"]
[Site "London ENG"]
[Date "2012.06.03"]
[Round "2.18"]
[White "Waterfield, John W"]
[Black "Sarakauskas, Gediminas"]
[Result "0-1"]
[BlackTitle "IM"]
[WhiteElo "2009"]
[BlackElo "2403"]
[WhiteFideId "407143"]
[BlackFideId "12800724"]
[EventDate "2012.06.02"]

1. e4 c5 2. c3 Nf6 3. e5 Nd5 4. Bc4 Nb6 5. Bb3 c4 6. Bc2 Nc6 7. Nf3 Qc7 8. O-O
Nxe5 9. Nxe5 Qxe5 10. a4 d5 11. a5 Nd7 12. Re1 Qc7 13. d3 cxd3 14. Qxd3 Nf6 15.
Bg5 e6 16. Bxf6 gxf6 17. Qxd5 Be7 18. Ba4+ Bd7 19. Bxd7+ Qxd7 20. Qxd7+ Kxd7 21.
Rd1+ Kc6 22. b4 Rad8 23. Na3 f5 24. Kf1 Rhg8 25. Rxd8 Bxd8 26. Rd1 Bf6 27. g3 h5
28. Rd3 h4 29. Ke2 hxg3 30. hxg3 Rh8 31. Nc2 a6 32. Nd4+ Kc7 33. Nb3 Be7 34. Rf3
Bd6 35. Nd4 Be5 36. Rd3 Rh1 37. Nb3 Bf6 38. Nd4 Rc1 39. Kd2 Rb1 40. Ke3 Bg5+ 41.
f4 Bf6 42. Kf3 Rc1 43. Ne2 Rc2 44. Ke3 Bg7 45. Rd2 Rxd2 46. Kxd2 Bf8 47. Kd3 Bd6
48. Nd4 Kd7 49. Nf3 Bb8 50. Nd4 Ba7 51. Kc4 Kd6 52. b5 Bc5 53. bxa6 bxa6 54. Nc2
Bf2 55. Nb4 Bxg3 56. Nxa6 Bxf4 57. Nb4 Be3 58. a6 f4 59. Nc2 Kc6 60. Nb4+ Kc7
61. Kd3 f5 62. Nc2 e5 63. Nb4 Bc5 64. Nd5+ Kb8 65. Kc4 Bd6 66. Kb5 f3 67. Kc6 f2
68. Ne3 f4 69. Nf1 e4 0-1

[Event "e2e4 Diamond Jubilee Premier"]
[Site "London ENG"]
[Date "2012.06.03"]
[Round "2.19"]
[White "Croad, Nicolas"]
[Black "Thompson, Robert"]
[Result "0-1"]
[WhiteTitle "FM"]
[WhiteElo "2334"]
[BlackElo "1965"]
[WhiteFideId "4300793"]
[BlackFideId "417513"]
[EventDate "2012.06.02"]

1. d4 Nf6 2. c4 g6 3. Nc3 Bg7 4. e4 d6 5. h3 O-O 6. Nf3 e5 7. d5 Na6 8. Bg5 h6
9. Be3 Nc5 10. Nd2 a5 11. g4 Ne8 12. Be2 f5 13. gxf5 gxf5 14. exf5 Bxf5 15. Nf1
Qh4 16. Ng3 Bg6 17. Qd2 Nf6 18. O-O-O Nfe4 19. Ngxe4 Nxe4 20. Nxe4 Qxe4 21. Bd3
Qxd3 22. Qxd3 Bxd3 23. Rxd3 Rf3 24. Rdd1 Raf8 25. Rh2 R8f5 26. Kd2 Rh5 27. Rg1
Rhxh3 28. Rhg2 Rf7 29. Ke2 Kh7 30. b4 axb4 31. Rb1 b6 32. Rxb4 h5 33. Ra4 Rh4
34. Ra7 Rxc4 35. Bxb6 e4 36. Be3 Bd4 37. Ra8 Bxe3 38. Kxe3 Rf3+ 39. Ke2 Rc2+ 40.
Kd1 Rfxf2 41. Rxf2 Rxf2 42. Re8 Rxa2 43. Rxe4 Ra5 44. Re7+ Kg6 45. Rxc7 Rxd5+
46. Ke2 Kf5 47. Kf3 Rc5 48. Rf7+ Ke5 49. Ke3 Rc3+ 50. Kd2 Rh3 51. Rf8 d5 52. Ke2
Kd4 53. Rd8 h4 54. Rd7 Rh2+ 55. Kf3 Kc4 56. Ke3 Rh3+ 57. Kd2 Ra3 58. Rh7 h3 59.
Rh4+ d4 60. Rh8 Ra2+ 61. Kc1 h2 0-1

[Event "e2e4 Diamond Jubilee Premier"]
[Site "London ENG"]
[Date "2012.06.03"]
[Round "2.20"]
[White "Neatherway, A Philip"]
[Black "Brown, Martin"]
[Result "0-1"]
[WhiteElo "1926"]
[BlackElo "2183"]
[WhiteFideId "418854"]
[BlackFideId "401480"]
[EventDate "2012.06.02"]

1. e4 e6 2. d4 d5 3. exd5 exd5 4. Bf4 Bd6 5. Qd2 Nf6 6. Nc3 c6 7. Bd3 O-O 8.
Nge2 b6 9. O-O a6 10. Ng3 Ne8 11. Rfe1 Bxf4 12. Qxf4 g6 13. Qh6 Ra7 14. h4 f5
15. h5 Qh4 16. Re5 Nd6 17. Nxd5 cxd5 18. Rxd5 Nf7 19. Qd2 Be6 20. Re5 Nxe5 21.
dxe5 Nd7 0-1

[Event "e2e4 Diamond Jubilee Premier"]
[Site "London ENG"]
[Date "2012.06.03"]
[Round "2.21"]
[White "Balaji, Ananthanarayanan"]
[Black "Byron, Alan M"]
[Result "1/2-1/2"]
[WhiteElo "1834"]
[BlackElo "2179"]
[WhiteFideId "421197"]
[BlackFideId "401773"]
[EventDate "2012.06.02"]

1. e4 c6 2. d4 d5 3. exd5 cxd5 4. Bd3 Nc6 5. c3 Nf6 6. Bf4 Bg4 7. Qb3 Qd7 8. Nd2
e6 9. Ngf3 a6 10. O-O Bh5 11. Rae1 Bg6 12. Bxg6 hxg6 13. c4 Be7 14. Ne5 Nxe5 15.
Bxe5 O-O 16. c5 1/2-1/2

[Event "e2e4 Diamond Jubilee Premier"]
[Site "London ENG"]
[Date "2012.06.03"]
[Round "2.22"]
[White "Martinsen, Stig K"]
[Black "Kalaiyalahan, Akshaya"]
[Result "1-0"]
[WhiteElo "2169"]
[BlackElo "1646"]
[WhiteFideId "1502824"]
[BlackFideId "422894"]
[EventDate "2012.06.02"]

1. d4 Nf6 2. c4 g6 3. Nc3 Bg7 4. e4 d6 5. f3 O-O 6. Bg5 c5 7. d5 Na6 8. Nge2 Bd7
9. Ng3 Nc7 10. Bd3 Rb8 11. Qe2 Qe8 12. a4 Na6 13. Qd2 Nb4 14. Be2 Qd8 15. O-O
Re8 16. h3 Bc8 17. Be3 Nd7 18. f4 b6 19. Rad1 Ba6 20. e5 dxe5 21. f5 Nf6 22.
Nce4 Qd7 23. Bh6 Qxa4 24. fxg6 hxg6 25. Bxg7 Nxe4 26. Qh6 f5 27. Nxe4 fxe4 28.
Qh8# 1-0

[Event "e2e4 Diamond Jubilee Premier"]
[Site "London ENG"]
[Date "2012.06.03"]
[Round "2.23"]
[White "Jaunooby, Ali R"]
[Black "Humphreys, Jerry G"]
[Result "1-0"]
[WhiteElo "2158"]
[BlackElo "2080"]
[WhiteFideId "413291"]
[BlackFideId "408158"]
[EventDate "2012.06.02"]

1. d4 Nf6 2. Nf3 g6 3. Bg5 Bg7 4. Nbd2 d5 5. c4 O-O 6. cxd5 Qxd5 7. e3 Bg4 8.
Bc4 Qxg5 9. Nxg5 Bxd1 10. Rxd1 Nbd7 11. Rc1 Rac8 12. f4 e6 13. b4 Nd5 14. Ke2
Rfe8 15. h4 N7b6 16. Bb3 Nxb4 17. h5 a5 18. a3 N4d5 19. Kf3 Nf6 20. hxg6 hxg6
21. e4 a4 22. Ba2 Nfd7 23. f5 gxf5 24. exf5 Nf8 25. Rce1 Rcd8 26. Nde4 Nd5 27.
Nc5 Bxd4 28. fxe6 fxe6 29. Ncxe6 Bf6 30. Nxd8 Rxd8 31. Ne4 Be7 32. Nc3 1-0

[Event "e2e4 Diamond Jubilee Premier"]
[Site "London ENG"]
[Date "2012.06.03"]
[Round "2.24"]
[White "Rizvi, Nasir"]
[Black "Pace, Colin"]
[Result "0-1"]
[BlackTitle "CM"]
[WhiteElo "2074"]
[BlackElo "2128"]
[WhiteFideId "1800540"]
[BlackFideId "5600189"]
[EventDate "2012.06.02"]

1. c4 f5 2. g3 Nf6 3. Bg2 g6 4. Nc3 Bg7 5. d3 d6 6. e4 fxe4 7. dxe4 c5 8. Nge2
Nc6 9. O-O O-O 10. h3 e5 11. Be3 Be6 12. b3 Qd7 13. Kh2 Nd4 14. Rc1 Rf7 15. f4
Raf8 16. fxe5 dxe5 17. Na4 b6 18. Nec3 Nh5 19. Rxf7 Qxf7 20. Nd5 Nf3+ 21. Bxf3
Qxf3 22. Qxf3 Rxf3 23. Bxc5 bxc5 24. Nxc5 Bh6 25. Rc3 Rxc3 26. Nxc3 Kf7 27. Nb5
Be3 28. Nd3 Bd4 29. Nxa7 Bxa7 30. Nxe5+ Ke8 31. Nd3 Nf6 32. e5 Nd7 33. g4 Nxe5
34. Nf4 Ke7 35. Kg2 Kd6 36. Kf1 Nxc4 37. bxc4 Bxc4+ 38. Kg2 Bxa2 39. h4 Ke5 40.
Kf3 Bb1 41. Ne2 Be4+ 42. Kg3 Be3 43. Nc3 Bf4+ 44. Kh3 Bd3 45. Nd1 Bf1# 0-1

[Event "e2e4 Diamond Jubilee Premier"]
[Site "London ENG"]
[Date "2012.06.03"]
[Round "2.25"]
[White "Bennett, Dominic L"]
[Black "Goodger, Martyn"]
[Result "1/2-1/2"]
[WhiteElo "2072"]
[BlackElo "2091"]
[WhiteFideId "416657"]
[BlackFideId "408336"]
[EventDate "2012.06.02"]

1. d4 f5 2. Nc3 d5 3. e4 dxe4 4. f3 Nf6 5. Bg5 Nc6 6. d5 Ne5 7. Qd4 Nf7 8. Bxf6
exf6 9. fxe4 fxe4 10. Nxe4 f5 11. Nc3 g6 12. Bc4 Bd6 13. O-O-O Qg5+ 14. Kb1 O-O
15. Nh3 Qg4 16. Nb5 Be5 17. Qd3 Nd6 18. Bb3 Nxb5 19. Qxb5 Bd6 20. Qf1 a5 21. c3
Qe4+ 22. Bc2 Qe7 23. Nf4 a4 24. Qf3 a3 25. Rhe1 1/2-1/2

[Event "e2e4 Diamond Jubilee Premier"]
[Site "London ENG"]
[Date "2012.06.03"]
[Round "2.26"]
[White "Savage, Nicholas W"]
[Black "Hegarty, Sarah N"]
[Result "1/2-1/2"]
[BlackTitle "WFM"]
[WhiteElo "2072"]
[BlackElo "2062"]
[WhiteFideId "417157"]
[BlackFideId "2501465"]
[EventDate "2012.06.02"]

1. d4 Nf6 2. c4 g6 3. Nc3 d5 4. Bf4 Bg7 5. e3 c6 6. Nf3 O-O 7. h3 Qa5 8. Nd2
Nbd7 9. Be2 dxc4 10. Nxc4 Qd8 11. O-O Nd5 12. Bg5 N7b6 13. Rc1 Be6 14. Ne4 Nxc4
15. Bxc4 Nc7 16. Qb3 Bxc4 17. Qxc4 Ne6 18. Bh4 Qd7 19. Rfd1 Rad8 20. Nc5 Nxc5
21. Qxc5 Rfe8 22. a3 a6 23. Rd3 Qc7 24. Rcd1 Rd5 25. Qc4 e6 26. a4 Rd7 27. b3 1/2-1/2

[Event "e2e4 Diamond Jubilee Premier"]
[Site "London ENG"]
[Date "2012.06.03"]
[Round "2.27"]
[White "Batchelor, Peter J"]
[Black "Karayiannis, Costas"]
[Result "1-0"]
[WhiteElo "2050"]
[BlackElo "2167"]
[WhiteFideId "424854"]
[BlackFideId "405183"]
[EventDate "2012.06.02"]

1. d4 Nf6 2. c4 g6 3. Nc3 Bg7 4. Nf3 O-O 5. g3 c5 6. Bg2 cxd4 7. Nxd4 Nc6 8. O-O
d6 9. Nxc6 bxc6 10. Qc2 Be6 11. b3 Qc8 12. Rd1 d5 13. cxd5 cxd5 14. Bb2 Rd8 15.
Rd2 Bf5 16. Qd1 e6 17. Rc1 Qb8 18. e3 g5 19. Qe2 Rc8 20. Rcd1 Qb4 21. Rd4 Qe7
22. Ra4 Ne8 23. e4 Bxc3 24. Bxc3 Rxc3 25. exf5 Rac8 26. fxe6 Qxe6 27. Qxe6 fxe6
28. Bh3 Kf7 29. Rxa7+ R8c7 30. Ra6 R7c6 31. Rxc6 Rxc6 32. Rb1 Nd6 33. a4 Ke7 34.
b4 Nc4 35. b5 Rb6 36. Bf1 Na5 37. Rc1 Kd7 38. Kg2 e5 39. Rc5 Kd6 40. Rc8 Rb7 41.
Ra8 Nc4 42. Bxc4 dxc4 43. Kf3 Kc5 44. Ke4 c3 45. Rc8+ Kb4 46. Kxe5 g4 47. Kd6
Kxa4 48. Rxc3 Rxb5 49. Rc4+ Kb3 50. Rxg4 Kc3 51. Rf4 Ra5 1-0

[Event "e2e4 Diamond Jubilee Premier"]
[Site "London ENG"]
[Date "2012.06.03"]
[Round "2.28"]
[White "Grattage, Matthew"]
[Black "Burrows, Martin P"]
[Result "1/2-1/2"]
[WhiteElo "2002"]
[BlackElo "2134"]
[WhiteFideId "423750"]
[BlackFideId "409057"]
[EventDate "2012.06.02"]

1. c4 Nf6 2. Nc3 e6 3. Nf3 Bb4 4. a3 Bxc3 5. bxc3 c5 6. g3 b6 7. Bg2 Bb7 8. d4
d6 9. O-O O-O 10. Bg5 h6 11. Bxf6 Qxf6 12. Qd3 Qe7 13. e4 e5 14. Nh4 Nc6 15. Nf5
Qc7 16. f4 cxd4 17. cxd4 Nxd4 18. Nxd4 exd4 19. Qxd4 Rac8 20. Rac1 Rfe8 21. Rfd1
Rcd8 22. Rc3 Qe7 23. Rcd3 f6 24. h3 Bxe4 25. Re1 f5 26. Bxe4 fxe4 27. Qd5+ Qe6
28. Rxe4 Qxd5 29. Rxe8+ Rxe8 30. cxd5 Re2 31. a4 Re4 32. Rc3 Rd4 33. Rc8+ Kf7
34. Rc7+ Kf6 35. Rxa7 Rxd5 36. Rb7 Rd1+ 37. Kf2 Rb1 38. a5 Rb2+ 39. Kf3 Rb3+ 40.
Kg4 b5 41. a6 Ra3 42. a7 b4 43. Kh5 Ra5+ 44. Kg4 b3 45. Rd7 d5 46. Rd6+ Kf7 47.
Rxd5 Rxa7 48. Rb5 Ra3 49. h4 g6 50. Rb6 Kg7 51. h5 gxh5+ 52. Kxh5 b2 53. Rxb2 1/2-1/2

[Event "e2e4 Diamond Jubilee Premier"]
[Site "London ENG"]
[Date "2012.06.03"]
[Round "2.29"]
[White "Akhanov, Dauren"]
[Black "Cafolla, Peter"]
[Result "1/2-1/2"]
[WhiteElo "2149"]
[BlackElo "1995"]
[WhiteFideId "13704079"]
[BlackFideId "2500884"]
[EventDate "2012.06.02"]

1. e4 c5 2. Nf3 Nc6 3. Bb5 e6 4. O-O Nge7 5. Re1 a6 6. Bxc6 Nxc6 7. Nc3 d6 8. d4
cxd4 9. Nxd4 Be7 10. Nxc6 bxc6 11. Qg4 g5 12. b3 h5 13. Qe2 e5 14. Ba3 Qa5 15.
Qc4 Rb8 16. Bxd6 Bxd6 17. Qxc6+ Ke7 18. Nd5+ Ke6 19. Qc4 Qc5 20. Qd3 Bb7 21.
Rad1 a5 22. Qf3 Bxd5 23. Rxd5 Qxc2 24. Qf5+ Ke7 25. Red1 Rhd8 26. Qxg5+ f6 27.
Qf5 Rb4 28. Qh7+ Ke6 29. Qf5+ Ke7 30. Qh7+ Ke6 31. Qf5+ 1/2-1/2

[Event "e2e4 Diamond Jubilee Premier"]
[Site "London ENG"]
[Date "2012.06.03"]
[Round "2.30"]
[White "Josse, Mark"]
[Black "Phillips, Owen S"]
[Result "1-0"]
[WhiteElo "2131"]
[BlackElo "1959"]
[WhiteFideId "414476"]
[BlackFideId "417882"]
[EventDate "2012.06.02"]

1. e4 g6 2. d4 Bg7 3. Nc3 c5 4. dxc5 Bxc3+ 5. bxc3 Qa5 6. Qd4 Nf6 7. Qb4 Qxb4 8.
cxb4 Nxe4 9. Bb2 O-O 10. f3 Ng5 11. Bc4 Ne6 12. O-O-O a5 13. a3 axb4 14. axb4
Ra4 15. c3 b6 16. cxb6 d6 17. h4 Bd7 18. Bb3 Ra6 19. h5 g5 20. Nh3 h6 21. Nf2
Rxb6 22. Ng4 Kg7 23. Ne3 Nf4 24. Rd2 Rc8 25. g3 Rxb4 26. Bc2 Rxb2 27. Kxb2 Ne6
28. Nf5+ Kf8 29. Nxh6 Nc6 30. Nf5 Rb8+ 31. Kc1 Nc5 32. Rdh2 Ne5 33. Nd4 Kg7 34.
h6+ Kh8 35. h7 Ra8 36. Bb1 Rc8 37. f4 gxf4 38. gxf4 Ned3+ 39. Bxd3 Nxd3+ 40. Kd2
Nxf4 41. Ne2 Ng6 42. Rf1 Rf8 43. Nf4 Nxf4 44. Rxf4 f5 45. Rb4 Bc6 46. Rb6 Rc8
47. Ke3 Be8 48. Kf4 Bg6 49. Rb7 Rc4+ 50. Kg5 Rg4+ 51. Kh6 Bxh7 52. Rxe7 Bg8 53.
Rb2 Rg3 54. Rb8 Rh3+ 55. Kg6 f4 56. Kf6 Rxc3 57. Rg7 1-0

[Event "e2e4 Diamond Jubilee Premier"]
[Site "London ENG"]
[Date "2012.06.03"]
[Round "2.31"]
[White "Pena Torres, Jose Carlos"]
[Black "Kender, Robert"]
[Result "1-0"]
[WhiteElo "2105"]
[BlackElo "1946"]
[WhiteFideId "2206617"]
[BlackFideId "2064170"]
[EventDate "2012.06.02"]

1. e4 c5 2. Nf3 d6 3. d4 cxd4 4. Nxd4 Nf6 5. Nc3 a6 6. Be2 e5 7. Nb3 Be7 8. O-O
O-O 9. a4 Qc7 10. a5 Be6 11. Be3 Nbd7 12. Nd5 Nxd5 13. exd5 Bf5 14. c4 Rac8 15.
Nd2 h6 16. b4 Bg5 17. Bxg5 hxg5 18. Nb3 Bg6 19. Rc1 Rfd8 20. Qd2 f6 21. c5 Bf5
22. c6 Nf8 23. Qe3 Rb8 24. Rc3 b5 25. Bd3 Bxd3 26. Qxd3 Rdc8 27. Rfc1 Kf7 28.
Qh3 Kg8 29. Qf5 Kf7 30. Nd2 Ra8 31. Ne4 Kg8 32. Rg3 Qe7 33. Rcc3 Rc7 34. h4 g6
35. Qxf6 gxh4 36. Rxg6+ Nxg6 37. Qxg6+ 1-0

[Event "e2e4 Diamond Jubilee Premier"]
[Site "London ENG"]
[Date "2012.06.03"]
[Round "2.32"]
[White "Lim, Zhuo Ren"]
[Black "Moss, Guy"]
[Result "0-1"]
[WhiteElo "2095"]
[BlackElo "1888"]
[WhiteFideId "5702488"]
[BlackFideId "2804620"]
[EventDate "2012.06.02"]

1. d4 d5 2. c4 c6 3. Nf3 Nf6 4. Nc3 dxc4 5. a4 Bf5 6. g3 h6 7. Bg2 e6 8. Ne5 Bb4
9. O-O O-O 10. Nxc4 Na6 11. Re1 Qc7 12. Bf4 Qe7 13. e4 Bh7 14. Qb3 Rfd8 15. Rad1
Rac8 16. d5 cxd5 17. exd5 Bxc3 18. d6 Qd7 19. bxc3 Nc5 20. Qa2 Qxa4 21. Qxa4
Nxa4 22. Ne5 Nc5 23. Rd4 Nfd7 24. Bh3 Nxe5 25. Rxe5 Nd3 26. d7 Rxc3 27. Re3 Rc1+
28. Bf1 Nxf4 29. gxf4 Rc7 30. Bb5 a6 31. Bc4 Rcxd7 32. Rxd7 Rxd7 33. Kg2 Bf5 34.
Kf3 b5 35. Be2 Rb7 36. Rc3 Kf8 37. Rc5 Ke7 38. Ke3 Kd6 39. Kd4 Rb6 40. Rc1 b4
41. Ra1 b3 42. Bd3 Bxd3 43. Kxd3 b2 44. Rb1 a5 45. Kc3 e5 46. f5 Ke7 47. Rxb2
Rxb2 48. Kxb2 Kf6 49. Kb3 Kxf5 50. Ka4 Kf4 51. Kxa5 Kf3 52. Kb4 Kxf2 53. Kc3 e4 0-1

[Event "e2e4 Diamond Jubilee Premier"]
[Site "London ENG"]
[Date "2012.06.03"]
[Round "2.33"]
[White "Kahn, Tito"]
[Black "Taylor, Adam A"]
[Result "1/2-1/2"]
[WhiteElo "2085"]
[BlackElo "1869"]
[WhiteFideId "15600084"]
[BlackFideId "415790"]
[EventDate "2012.06.02"]

1. d4 Nf6 2. Nf3 c5 3. e3 d5 4. b3 Nc6 5. Bb2 Bg4 6. Be2 e6 7. O-O Rc8 8. Nbd2
Bd6 9. dxc5 Bxc5 10. h3 Bh5 11. Ne5 Bxe2 12. Qxe2 Nxe5 13. Bxe5 O-O 14. c4 Bd6
15. Bxd6 Qxd6 16. Rfd1 Rfd8 17. e4 Qe5 18. Re1 dxe4 19. Nxe4 Qxe4 20. Qxe4 Nxe4
21. Rxe4 Rd2 22. Kf1 b5 23. Ke1 Rb2 24. Rd1 Rxa2 25. cxb5 g6 26. Rc4 Rb8 27. Ra4
Rc2 28. Rxa7 Rxb5 29. Rd8+ Kg7 30. Rdd7 Rf5 31. Rd2 Rxd2 32. Kxd2 Rxf2+ 33. Kc3
Rxg2 34. b4 Rg3+ 35. Kc4 Rxh3 36. b5 Rh1 37. b6 Rb1 38. Kc5 h5 39. Ra4 Rxb6 40.
Kxb6 g5 41. Kc5 h4 42. Kd4 Kg6 43. Ke3 f5 44. Ra6 Kf6 45. Ra8 h3 46. Kf3 g4+ 47.
Kg3 Kg5 48. Rg8+ Kf6 49. Rf8+ Ke5 50. Rf7 Ke4 51. Rf8 Ke5 52. Ra8 Kf6 53. Ra6
Ke5 54. Rb6 Kf6 55. Kf4 Kf7 1/2-1/2